[Event "Koltsovo op"]
[Site "Koltsovo"]
[Date "2014.06.28"]
[Round "1"]
[White "Tsoy, Aleksandr"]
[Black "Sultanov, Mirgurban"]
[Result "1-0"]
[WhiteElo "1992"]
[BlackElo "1790"]
[PlyCount "45"]
[EventDate "2014.06.28"]
[EventType "swiss"]
[EventRounds "9"]
[EventCountry "RUS"]
[SourceTitle "CBM 161 Extra"]
[Source "ChessBase"]
[SourceDate "2014.08.29"]
[SourceVersion "1"]
[SourceVersionDate "2014.08.29"]
[SourceQuality "1"]

1. e4 c5 2. Nf3 e6 3. c3 Nc6 4. d4 cxd4 5. cxd4 Bb4+ 6. Nc3 d5 7. e5 Nge7 8. a3 Ba5 9. b4 Bb6 10. b5 Nb8 11. Bd3 0-0 12. Bxh7+ Kh8 13. Bc2 Ba5 14. Qd3 g6 15. Ng5 Kg7 16. 0-0 Bxc3 17. Qxc3 Bd7 18. a4 a6 19. Qf3 Nf5 20. Bxf5 exf5 21. Qxd5 axb5 22. Qxb7 Bc6 23. Ne6+ 1-0

[Event "Novosibirsk-ch open"]
[Site "Novosibirsk"]
[Date "2011.10.03"]
[Round "3"]
[White "Tsoy, Aleksandr"]
[Black "Kamrukov, Alexey"]
[Result "0-1"]
[WhiteElo "1953"]
[BlackElo "2032"]
[PlyCount "104"]
[EventDate "2011.09.29"]
[EventType "swiss"]
[EventRounds "9"]
[EventCountry "RUS"]
[SourceTitle "EXT 2012"]
[Source "ChessBase"]
[SourceDate "2011.11.24"]
[SourceVersion "1"]
[SourceVersionDate "2011.11.24"]
[SourceQuality "1"]

1. e4 c5 2. Nf3 d6 3. c3 Nf6 4. h3 Nc6 5. Bd3 a6 6. Bc2 c4 7. 0-0 e6 8. Qe2 b5 9. b3 cxb3 10. axb3 Qc7 11. d4 Be7 12. Ba3 Bb7 13. Nbd2 Rc8 14. c4 b4 15. Bb2 e5 16. d5 Nb8 17. Nh4 Nxd5 18. exd5 Bxh4 19. Qg4 Bf6 20. Ne4 h5 21. Qf5 Nd7 22. f4 Rf8 23. Rae1 Bh4 24. fxe5 dxe5 25. g3 Bf6 26. h4 Kd8 27. Rd1 Qb6+ 28. Kh2 a5 29. Bc1 a4 30. c5 Nxc5 31. Be3 axb3 32. Bxb3 Qb5 33. Nxc5 Rxc5 34. Bxc5 Qxc5 35. Rc1 Qd6 36. Ba4 Ke7 37. Bc6 Rb8 38. Rfd1 g6 39. Qe4 Bc8 40. Ba4 Bf5 41. Qe3 Kf8 42. Qa7 Qb6 43. Qxb6 Rxb6 44. Rc6 Bd8 45. Rxb6 Bxb6 46. d6 e4 47. Bb5 e3 48. Ra1 b3 49. Bc4 b2 50. Ra8+ Kg7 51. Ba2 e2 52. Re8 Be6 0-1

[Event "Novosibirsk-ch open"]
[Site "Novosibirsk"]
[Date "2011.10.01"]
[Round "2"]
[White "Dolgusheva, Dayana"]
[Black "Tsoy, Aleksandr"]
[Result "0-1"]
[WhiteElo "1884"]
[BlackElo "1953"]
[PlyCount "44"]
[EventDate "2011.09.29"]
[EventType "swiss"]
[EventRounds "9"]
[EventCountry "RUS"]
[SourceTitle "EXT 2012"]
[Source "ChessBase"]
[SourceDate "2011.11.24"]
[SourceVersion "1"]
[SourceVersionDate "2011.11.24"]
[SourceQuality "1"]

1. d4 d5 2. c4 e6 3. Nc3 c6 4. Nf3 dxc4 5. a4 Bb4 6. e3 b5 7. Bd2 a5 8. axb5 Bxc3 9. Bxc3 cxb5 10. d5 Nf6 11. dxe6 Qxd1+ 12. Kxd1 Bxe6 13. Rxa5 Rxa5 14. Bxa5 Nc6 15. Bc3 Ne4 16. Be1 0-0 17. h4 Rd8+ 18. Kc1 Ra8 19. Nd2 Ra1+ 20. Nb1 Nxf2 21. Bxf2 Bf5 22. b4 c3 0-1

[Event "Novosibirsk-ch open"]
[Site "Novosibirsk"]
[Date "2011.09.29"]
[Round "1"]
[White "Tsoy, Aleksandr"]
[Black "Kuzmin, Georgy"]
[Result "1-0"]
[WhiteElo "1953"]
[BlackElo "2136"]
[PlyCount "69"]
[EventDate "2011.09.29"]
[EventType "swiss"]
[EventRounds "9"]
[EventCountry "RUS"]
[SourceTitle "EXT 2012"]
[Source "ChessBase"]
[SourceDate "2011.11.24"]
[SourceVersion "1"]
[SourceVersionDate "2011.11.24"]
[SourceQuality "1"]

1. e4 e5 2. Nf3 Qe7 3. Bc4 d6 4. 0-0 Be6 5. d3 h6 6. Nc3 Nf6 7. Bxe6 Qxe6 8. d4 Be7 9. Qe2 c6 10. Be3 0-0 11. Rad1 Re8 12. d5 Qc8 13. dxc6 bxc6 14. Qd3 Bf8 15. Nd2 Re6 16. Nc4 Ne8 17. f4 exf4 18. Bxf4 Nd7 19. Qf3 Rf6 20. Qg3 Rg6 21. Qf3 Kh7 22. Ne2 Nb6 23. Ne3 Qe6 24. Nd4 Qxa2 25. Nxc6 Qxb2 26. h4 Qc3 27. Nd4 d5 28. h5 Rf6 29. e5 Bc5 30. exf6 Bxd4 31. fxg7 Nxg7 32. Rd3 Bxe3+ 33. Qxe3 Qxc2 34. Bxh6 Nc4 35. Qg5 1-0

[Event "Koltsovo op"]
[Site "Koltsovo"]
[Date "2010.07.06"]
[Round "9"]
[White "Tsoy, Aleksandr"]
[Black "Rodionova, Daria"]
[Result "1/2-1/2"]
[WhiteElo "1768"]
[BlackElo "1899"]
[PlyCount "96"]
[EventDate "2010.06.28"]
[EventType "swiss"]
[EventRounds "9"]
[EventCountry "RUS"]
[SourceTitle "CBM 137 Extra"]
[Source "ChessBase"]
[SourceDate "2010.09.01"]
[SourceVersion "1"]
[SourceVersionDate "2010.09.01"]
[SourceQuality "1"]

1. e4 c5 2. Nc3 Nc6 3. g3 g6 4. Bg2 Bg7 5. f4 d6 6. d3 e6 7. Nf3 Nge7 8. Be3 Qb6 9. Rb1 0-0 10. 0-0 d5 11. Na4 Qb5 12. b3 b6 13. e5 Nf5 14. Bf2 h5 15. d4 cxd4 16. Nxd4 Ncxd4 17. Bxd4 Bb7 18. Re1 Rac8 19. Bf2 Rfd8 20. Qe2 Qxe2 21. Rxe2 Bf8 22. Nb2 Ba6 23. Nd3 Rxc2 24. Rxc2 Bxd3 25. Rbc1 Bxc2 26. Rxc2 d4 27. Be4 Bc5 28. Rd2 Kf8 29. Kf1 Ne7 30. Ke2 Nd5 31. Bxd5 exd5 32. Bxd4 Bxd4 33. Rxd4 Ke7 34. Ke3 Ke6 35. h3 Rc8 36. g4 hxg4 37. hxg4 Rc2 38. Rd2 Rxd2 39. Kxd2 g5 40. Ke3 gxf4+ 41. Kxf4 d4 42. Ke4 d3 43. Kxd3 Kxe5 44. Ke3 a6 45. b4 a5 46. bxa5 bxa5 47. a4 Kf6 48. Kf4 Ke6 1/2-1/2

[Event "Novosibirsk Fakel"]
[Site "Novosibirsk"]
[Date "2010.02.09"]
[Round "3"]
[White "Akishev, Alexander"]
[Black "Tsoy, Aleksandr"]
[Result "1-0"]
[WhiteElo "2150"]
[BlackElo "1790"]
[PlyCount "135"]
[EventDate "2010.02.07"]
[EventType "tourn"]
[EventRounds "11"]
[EventCountry "RUS"]
[SourceTitle "EXT 2011"]
[Source "ChessBase"]
[SourceDate "2010.11.26"]
[SourceVersion "1"]
[SourceVersionDate "2010.11.26"]
[SourceQuality "1"]

1. e4 c5 2. Nf3 d6 3. d4 cxd4 4. Nxd4 Nf6 5. Nc3 g6 6. f3 Bg7 7. Be3 a6 8. Qd2 b5 9. a4 b4 10. Na2 a5 11. c3 bxc3 12. Nxc3 0-0 13. Bb5 Bd7 14. 0-0 Bxb5 15. Ncxb5 Nfd7 16. Nb3 Nc6 17. Rfc1 Rc8 18. Rc2 Nc5 19. Nxc5 dxc5 20. Bxc5 Bd4+ 21. Kf1 Bxc5 22. Qxd8 Nxd8 23. Nd4 Nb7 24. Rac1 Ra8 25. Rxc5 Nxc5 26. Rxc5 Rfc8 27. Rd5 Kf8 28. Ke2 Rd8 29. Rxd8+ Rxd8 30. Nc6 Rc8 31. Nxa5 Rc2+ 32. Kd3 Rxb2 33. Nc4 Rxg2 34. a5 Rxh2 35. Nd2 Rh5 36. Nc4 Rb5 37. a6 Rb8 38. Ne5 Rb5 39. a7 Ra5 40. Nc6 Ra4 41. Kc3 Ke8 42. Kb3 Ra1 43. Kb4 Rb1+ 44. Kc5 Ra1 45. Kb6 Rxa7 46. Nxa7 h5 47. Nb5 h4 48. Nd4 h3 49. Ne2 h2 50. Ng3 f5 51. e5 f4 52. Nh1 Kf7 53. Kc5 Ke6 54. Kd4 Kf5 55. Kd5 g5 56. Nf2 e6+ 57. Kd6 Kg6 58. Kxe6 Kh5 59. Kf5 Kh4 60. e6 Kg3 61. Nh1+ Kg2 62. e7 Kxh1 63. e8Q Kg2 64. Qe2+ Kg3 65. Qf1 g4 66. fxg4 f3 67. g5 f2 68. g6 1-0

[Event "Novosibirsk Fakel"]
[Site "Novosibirsk"]
[Date "2010.02.08"]
[Round "2"]
[White "Tsoy, Aleksandr"]
[Black "Dzhumagaliev, Murat"]
[Result "0-1"]
[WhiteElo "1790"]
[BlackElo "2129"]
[PlyCount "76"]
[EventDate "2010.02.07"]
[EventType "tourn"]
[EventRounds "11"]
[EventCountry "RUS"]
[SourceTitle "EXT 2011"]
[Source "ChessBase"]
[SourceDate "2010.11.26"]
[SourceVersion "1"]
[SourceVersionDate "2010.11.26"]
[SourceQuality "1"]

1. e4 c5 2. Nf3 Nc6 3. d4 cxd4 4. Nxd4 g6 5. c4 Bg7 6. Be3 Nf6 7. Nc3 0-0 8. Be2 d6 9. 0-0 a6 10. f4 Bd7 11. Qd2 Rc8 12. f5 Ne5 13. b3 Neg4 14. Bg5 Qb6 15. Kh1 h6 16. Bh4 g5 17. Bg3 Nxe4 18. Nxe4 Qxd4 19. Qxd4 Bxd4 20. Bxg4 Bxa1 21. Rxa1 f6 22. Rd1 h5 23. Bxh5 Bxf5 24. Nf2 Bd7 25. Bf3 Bc6 26. Bd5+ Bxd5 27. Rxd5 b5 28. cxb5 Rc1+ 29. Nd1 axb5 30. h3 Ra8 31. Kh2 Rxa2 32. Ne3 Rc3 33. Ng4 Rxb3 34. Nf2 Rbb2 35. Kg1 b4 36. Rb5 Kf7 37. Rb7 d5 38. Rd7 Ke6 0-1

[Event "Novosibirsk Fakel"]
[Site "Novosibirsk"]
[Date "2010.02.07"]
[Round "1"]
[White "Tyu, Nikolai"]
[Black "Tsoy, Aleksandr"]
[Result "1-0"]
[WhiteElo "2087"]
[BlackElo "1790"]
[PlyCount "59"]
[EventDate "2010.02.07"]
[EventType "tourn"]
[EventRounds "11"]
[EventCountry "RUS"]
[SourceTitle "EXT 2011"]
[Source "ChessBase"]
[SourceDate "2010.11.26"]
[SourceVersion "1"]
[SourceVersionDate "2010.11.26"]
[SourceQuality "1"]

1. d4 d5 2. c4 c6 3. cxd5 cxd5 4. Nf3 Nf6 5. Nc3 Nc6 6. Bg5 Ne4 7. Bh4 Qa5 8. Qb3 Qb4 9. e3 Qxb3 10. axb3 e6 11. Bb5 Bb4 12. Rc1 Bd7 13. 0-0 f6 14. Rfd1 a6 15. Bd3 g5 16. Bg3 Nxg3 17. hxg3 Ke7 18. e4 dxe4 19. Bxe4 Na5 20. Na2 Bd6 21. b4 Nc6 22. d5 Ne5 23. Nd4 f5 24. dxe6 fxe4 25. exd7 Kxd7 26. Nf5 Nd3 27. Rc4 Rhe8 28. Rd4 Re6 29. Nc3 Kc6 30. Nxe4 1-0

[Event "Naukograd Koltsovo op"]
[Site "Novosibirsk"]
[Date "2009.06.30"]
[Round "3"]
[White "Khanin, Semen"]
[Black "Tsoy, Aleksandr"]
[Result "1-0"]
[WhiteElo "1902"]
[BlackElo "1847"]
[PlyCount "59"]
[EventDate "2009.06.28"]
[EventType "swiss"]
[EventRounds "9"]
[EventCountry "RUS"]
[SourceTitle "EXT 2021"]
[Source "ChessBase"]
[SourceDate "2020.10.23"]
[SourceVersion "1"]
[SourceVersionDate "2020.10.23"]
[SourceQuality "1"]

1. e4 c5 2. Nf3 d6 3. d4 cxd4 4. Nxd4 Nf6 5. Nc3 g6 6. Be3 Bg7 7. f3 0-0 8. Qd2 a6 9. 0-0-0 Bd7 10. g4 b5 11. Kb1 Nc6 12. h4 Nxd4 13. Bxd4 Be6 14. Nd5 Bxd5 15. exd5 Rc8 16. h5 Qc7 17. Bd3 Rce8 18. Qh2 e5 19. dxe6 Rxe6 20. hxg6 fxg6 21. f4 Re7 22. Be2 Bh8 23. Bf3 Ne4 24. f5 Bxd4 25. Rxd4 Ng5 26. Bd5+ Kh8 27. Qh6 Rc8 28. c4 Qc5 29. Qxg5 Qxd4 30. Qxe7 1-0